00695nam a2200241 a 450000100060000000300080000600500170001400800410003102000150007203500190008703500120010604000250011804100080014308200220015124500930017326000330026630000250029950000200032465000400034465000230038470000200040770000260042750044BD-RjUL20211209075440.0160823s1990 enk b 001 0 eng  a0415024005 a(BD-RjUL)50164 a1762415 aLCbengcLCdABN-SNR aeng00a372223bSOC 199014aThe Social psychology of the primary school /cedited by Colin Rogers and Peter Kutnick. aLondon :bRoutledge,cc1990. axi, 259 p. ;c24 cm. aIncludes index 0aEducation, PrimaryxSocial aspects. 0aSocial psychology.1 aKutnick, Peter.1 aRogers, Colin,d1950-